000 00749cam a2200205 4500
001 ABS61650
008 000000n1999 000 0 eng u
035 _a(Sirsi) u103467
100 _aMarsh, C.
245 _aBest practice: procurement
260 _c1999
490 _aBuilding Services Journal
_v 21(12) December 1999, 42-43(2)
520 _aThe second in a series of articles looking at construction best practice focuses on procurement strategy and procurement skills. (For article 1 on briefing the team, see ABS61313.)
590 _aABS
650 _aBEST PRACTICE
650 _aMANAGEMENT-BUSINESS MANAGEMENT-PROCUREMENT
650 _aBSRIA
690 _aBUILDING AND CONSTRUCTION-PROCUREMENT, PARTNERING, TENDERING
942 _n0
999 _c62165
_d62165